00245nam a2200109Ia 4500008004100000100001900041245001500060260002600075650001000101942000700111999001700118190216s9999||||xx |||||||||||||| ||und|| aMalliga Yoonus 0aPoopanthal bPoorna Pubs Kozhikode aNovel cBK c26568d26568